<?xml version="1.0" encoding="UTF-8"?>
<record
    xmlns:xsi="http://www.w3.org/2001/XMLSchema-instance"
    xsi:schemaLocation="http://www.loc.gov/MARC21/slim http://www.loc.gov/standards/marcxml/schema/MARC21slim.xsd"
    xmlns="http://www.loc.gov/MARC21/slim">

  <leader>02542njm a2200421Ia 4500</leader>
  <controlfield tag="001">23957</controlfield>
  <controlfield tag="003">IT-RoPAU</controlfield>
  <controlfield tag="005">20220918181200.0</controlfield>
  <controlfield tag="008">131025s9999    xx            000 0 und d</controlfield>
  <datafield tag="040" ind1=" " ind2=" ">
    <subfield code="a">IT-RoPAU</subfield>
  </datafield>
  <datafield tag="040" ind1=" " ind2=" ">
    <subfield code="c">IT-RoPAU</subfield>
  </datafield>
  <datafield tag="999" ind1=" " ind2=" ">
    <subfield code="c">102945</subfield>
    <subfield code="d">102945</subfield>
  </datafield>
  <datafield tag="999" ind1=" " ind2=" ">
    <subfield code="b">n.d.</subfield>
  </datafield>
  <datafield tag="100" ind1=" " ind2=" ">
    <subfield code="a">AA.VV.</subfield>
    <subfield code="9">794</subfield>
  </datafield>
  <datafield tag="100" ind1=" " ind2=" ">
    <subfield code="e">Autore musica</subfield>
    <subfield code="9">7841</subfield>
  </datafield>
  <datafield tag="100" ind1=" " ind2=" ">
    <subfield code="g">Codice autore musica SPICS: 12000</subfield>
    <subfield code="9">796</subfield>
  </datafield>
  <datafield tag="245" ind1=" " ind2=" ">
    <subfield code="a">Mozart 40-Favourite Classical Tops (Lp Slk 16 886)</subfield>
  </datafield>
  <datafield tag="250" ind1=" " ind2=" ">
    <subfield code="a">1a ed.</subfield>
  </datafield>
  <datafield tag="260" ind1=" " ind2=" ">
    <subfield code="a">AMBURGO</subfield>
  </datafield>
  <datafield tag="260" ind1=" " ind2=" ">
    <subfield code="b">TELEFUNKEN - DECCA</subfield>
  </datafield>
  <datafield tag="300" ind1=" " ind2=" ">
    <subfield code="a">DISCO</subfield>
  </datafield>
  <datafield tag="300" ind1=" " ind2=" ">
    <subfield code="c">37 minuti (Testo:  pag.)</subfield>
  </datafield>
  <datafield tag="500" ind1=" " ind2=" ">
    <subfield code="a">Musica classica. Arrangiamenti.</subfield>
  </datafield>
  <datafield tag="505" ind1=" " ind2=" ">
    <subfield code="a">Symphonie Nr. 40 g moll KV 550 (5:00) - Adagio in g moll [(Nach Einem Thema Von T. Albinoni) (4:00)] - Klavierkonzert in c dur N. 21 Kv 467: 2. Satz (4:00) - Halleluja Aus Dem messias Von Handel (4:00) - Symphonie N  9 d moll op 125: Thema (4:00) - Also Sprach Zarathustra: Introduktion op 30 (2:00) - Air Auf Der G-Seite (5:00) - Aranjuez Mon Amour (4:00) - Jeux Interdits (5:00) - Bachianas brasileiras N. 5 (5:00)</subfield>
  </datafield>
  <datafield tag="511" ind1=" " ind2=" ">
    <subfield code="a">Werner Muller und Sein Orchester</subfield>
  </datafield>
  <datafield tag="650" ind1=" " ind2=" ">
    <subfield code="a">CLASSICA [DISCHI]</subfield>
    <subfield code="e">Codice MATERIA SPICS: 9950</subfield>
    <subfield code="9">1157</subfield>
  </datafield>
  <datafield tag="700" ind1=" " ind2=" ">
    <subfield code="a">Muller Werner</subfield>
    <subfield code="d">Codice autore e interprete SPICS:  9667</subfield>
    <subfield code="e">Autore e interprete</subfield>
    <subfield code="9">7842</subfield>
  </datafield>
  <datafield tag="700" ind1=" " ind2=" ">
    <subfield code="a">Mozart Wolfgang Amadeus</subfield>
    <subfield code="d">Codice autore musica SPICS: 3486</subfield>
    <subfield code="e">Autore musica</subfield>
    <subfield code="p">Symphonie Nr. 40 g moll KV 550 - Klavierkonzert in c dur N. 21 Kv 467: 2. Satz</subfield>
    <subfield code="9">7843</subfield>
  </datafield>
  <datafield tag="700" ind1=" " ind2=" ">
    <subfield code="a">Albinoni Tomaso</subfield>
    <subfield code="d">Codice autore musica SPICS: 7834</subfield>
    <subfield code="e">Autore musica</subfield>
    <subfield code="p">Adagio in g moll (Nach Einem Thema Von T. Albinoni)</subfield>
    <subfield code="9">7844</subfield>
  </datafield>
  <datafield tag="700" ind1=" " ind2=" ">
    <subfield code="a">Handel Georg Friedrich</subfield>
    <subfield code="d">Codice autore musica SPICS: 5619</subfield>
    <subfield code="e">Autore musica</subfield>
    <subfield code="p">Halleluja aus Dem messias Von Handel</subfield>
    <subfield code="9">7845</subfield>
  </datafield>
  <datafield tag="700" ind1=" " ind2=" ">
    <subfield code="a">Beethoven Ludwig Van</subfield>
    <subfield code="d">Codice autore musica SPICS: 10721</subfield>
    <subfield code="e">Autore musica</subfield>
    <subfield code="p">Symphonie N  9 d moll op 125: Thema</subfield>
    <subfield code="9">7846</subfield>
  </datafield>
  <datafield tag="700" ind1=" " ind2=" ">
    <subfield code="a">Strauss Richard</subfield>
    <subfield code="d">Codice autore musica SPICS: 11165</subfield>
    <subfield code="e">Autore musica</subfield>
    <subfield code="p">Also Sprach Zarathustra: Introduktion op 30</subfield>
    <subfield code="9">7847</subfield>
  </datafield>
  <datafield tag="700" ind1=" " ind2=" ">
    <subfield code="a">Bach Johann Sebastian</subfield>
    <subfield code="d">Codice autore musica SPICS: 9695</subfield>
    <subfield code="e">Autore musica</subfield>
    <subfield code="p">Air Auf Der G-Seite</subfield>
    <subfield code="9">7848</subfield>
  </datafield>
  <datafield tag="700" ind1=" " ind2=" ">
    <subfield code="a">Rodrigo Joaquin</subfield>
    <subfield code="d">Codice autore musica SPICS: 8167</subfield>
    <subfield code="e">Autore musica</subfield>
    <subfield code="p">Aranjuez Mon Amour</subfield>
    <subfield code="9">7849</subfield>
  </datafield>
  <datafield tag="700" ind1=" " ind2=" ">
    <subfield code="a">Bontempelli Massimo</subfield>
    <subfield code="d">Codice autore SPICS: 8984</subfield>
    <subfield code="e">Autore</subfield>
    <subfield code="p">Aranjuez Mon Amour</subfield>
    <subfield code="9">7850</subfield>
  </datafield>
  <datafield tag="700" ind1=" " ind2=" ">
    <subfield code="a">Anonimo</subfield>
    <subfield code="d">Codice autore musica SPICS: 2620</subfield>
    <subfield code="e">Autore musica</subfield>
    <subfield code="p">Jeux Interdits</subfield>
    <subfield code="9">7851</subfield>
  </datafield>
  <datafield tag="700" ind1=" " ind2=" ">
    <subfield code="a">Villa-Lobos Heitor</subfield>
    <subfield code="d">Codice autore musica SPICS: 10692</subfield>
    <subfield code="e">Autore musica</subfield>
    <subfield code="p">Bachianas brasileiras N. 5</subfield>
    <subfield code="9">7852</subfield>
  </datafield>
  <datafield tag="942" ind1=" " ind2=" ">
    <subfield code="c">MD</subfield>
    <subfield code="2">ddc</subfield>
  </datafield>
  <datafield tag="952" ind1=" " ind2=" ">
    <subfield code="0">0</subfield>
    <subfield code="1">0</subfield>
    <subfield code="4">0</subfield>
    <subfield code="6">23957_000000000000000</subfield>
    <subfield code="7">1</subfield>
    <subfield code="a">SPICS</subfield>
    <subfield code="b">SPICS</subfield>
    <subfield code="d">2013-10-25</subfield>
    <subfield code="l">0</subfield>
    <subfield code="o">23957</subfield>
    <subfield code="r">2013-10-25 00:00:00</subfield>
    <subfield code="w">2013-10-25</subfield>
    <subfield code="y">MD</subfield>
    <subfield code="z">Progr. Ins.: 4804 / N.Vol.: 1 / Copie: 1 - Copia rara: n.d. / date import: 01.01.2014 - By Epidotti, Trombetti, Vaglietti</subfield>
  </datafield>
</record>
